Prog Rock LyricsTrivia - Statistics

General Stats
  • This quiz has been taken 28 times
  • The average score is 4 of 10
Answer Stats
Hint Answer % Correct
JT Thick as a ______ brick
100%
Rush What you say about his company is what you say about ________. society
71%
Yes Down at the end, round by the ________ corner
64%
Genesis They say there's always _________ in the air. magic
46%
KC The fate of all mankind is in the hands of _______. fools
43%
Yes Sister ______ flying high bluebird
29%
KC Burn a bridge and burn a boat, stake a ______ by the throat. Lizard
25%
ELP Seven virgins and a _______ Mule
21%
Rush Ignorance and prejudice and _____, walk hand in hand fear
7%
Yes Gold stainless_____ Nail
7%
No matching quizzes found
Score Distribution
Percent of People with Each Score
Percentile by Number Answered
Your Score History
You have not taken this quiz